00309nam a2200121Ia 4500008004100000100002000041245004700061260003700108300000800145650001000153942000700163999001700170190216s9999||||xx |||||||||||||| ||und|| aVineeta Singhal 0aHindi-Bhavishya Ki Asha:Parajeeni Pahaslen bIndraprastha Internationalc2008 a128 aHindi cBK c16573d16573